banner-ar

THE RULES OF ART: GENESIS AND STRUCTURE OF THE LITERARY FIELD / (Record no. 15389)

MARC details
000 -الفاتح
حقل البيانات ثابتة الطول 00501nam a2200181Ia 4500
008 - عناصر البيانات ثابتة الطول - معلومات عامة
حقل البيانات ثابتة الطول 140319s9999 xx 000 0 eng d
040 ## - مصدر الفهرسة
وكالة الفهرسة الأصلية GCL /
وكالة النسخ GCL
082 04 - رقم تصنيف ديوى العشرى
رقم التصنيف 809
رقم المادة B R
100 1# - المدخل الرئيسى - إسم شخصى
الإسم الشخصى BOURDIEU, PIERRE
245 10 - بيان العنوان
العنوان THE RULES OF ART: GENESIS AND STRUCTURE OF THE LITERARY FIELD /
بيان المسئوليه,etc BOURDIEU, PIERRE
700 1# - المدخل الاضافى - اسم شخصى
الإسم الشخصى EMANUAL, SUSAN
260 ## - PUBLICATION, DISTRIBUTION, ETC. (IMPRINT)
تاريخ النشر أو التوزيع 1996
300 ## - الوصف المادى
التعداد 410 P
650 04 - المدخل الاضافى بالموضوع-مصطلح موضوعى
مصطلح موضوعي LITERATURE
650 04 - المدخل الاضافى بالموضوع-مصطلح موضوعى
مصطلح موضوعي LITERATURE - CRITICISM
942 ## - عناصر المدخل الإضافي( كوها)
مصدر التصنيف او مخطط الترفيف Dewey Decimal Classification
Koha [default] item type كتاب
260 ## - PUBLICATION, DISTRIBUTION, ETC. (IMPRINT)
-- [S.N] :
-- POLITY PRESS ،
Holdings
حالة التراجع حالة الفقد حالة تلف ليس للاعارة المكان المؤقت الموقع الحالى تاريخ الاكتساب اجمالي اﻻعارات رقم الطلب الباركود تاريخ اخر مشاهدة تاريخ تفعيل السعر نوع وعاء كوها
        مكتبة القاهرة الكبرى مكتبة القاهرة الكبرى 03/26/2014   809\B R 28504 03/26/2014 03/26/2014 كتاب

Powered By

EGPV